NHL 100-Point Seasons Since 2000 - Statistics

General Stats
  • This quiz has been taken 471 times
    238 since last reset
  • The average score is 51 of 63
Answer Stats
Hint Answer % Correct
PIT 102 Sidney Crosby
98%
2006-07 PIT 120 Sidney Crosby
98%
PIT 103 Sidney Crosby
98%
PIT 109 Sidney Crosby
98%
2013-14 PIT 104 Sidney Crosby
98%
PIT 100 Sidney Crosby
98%
WSH 106 Alex Ovechkin
97%
2007-08 WSH 112 Alex Ovechkin
97%
WSH 110 Alex Ovechkin
97%
WSH 109 Alex Ovechkin
97%
2016-17 EDM 100 Connor McDavid
97%
2017-18 EDM 108 Connor McDavid
97%
EDM 116 Connor McDavid
97%
2021 EDM 105 Connor McDavid
97%
2021-22 EDM 123 Connor McDavid
97%
2022-23 EDM 153 Connor McDavid
97%
EDM 105 Leon Draisaitl
92%
2019-20 EDM 110 Leon Draisaitl
92%
EDM 110 Leon Draisaitl
92%
EDM 128 Leon Draisaitl
92%
TBL 106 Steven Stamkos
91%
2015-16 CHI 106 Patrick Kane
90%
CHI 110 Patrick Kane
90%
TBL 100 Nikita Kucherov
89%
2018-19 TBL 128 Nikita Kucherov
89%
TBL 113 Nikita Kucherov
89%
PIT 106 Evgeni Malkin
88%
2008-09 PIT 113 Evgeni Malkin
88%
2011-12 PIT 109 Evgeni Malkin
88%
2010-11 VAN 104 Daniel Sedin
85%
2009-10 VAN 112 Henrik Sedin
85%
2000-01 PIT 121 Jaromir Jagr
85%
NYR 123 Jaromir Jagr
85%
TOR 106 Auston Matthews
84%
COL 118 Joe Sakic
84%
COL 100 Joe Sakic
84%
COL 111 Nathan MacKinnon
82%
BOS 100 Brad Marchand
80%
BOS 113 David Pastrnak
80%
BOS 101 Joe Thornton
80%
2005-06 SJS 125 Joe Thornton
80%
SJS 114 Joe Thornton
80%
TBL 102 Martin St. Louis
76%
PHI 102 Claude Giroux
73%
CGY 104 Matthew Tkachuk
73%
FLA 109 Matthew Tkachuk
73%
WSH 101 Nicklas Backstrom
71%
FLA 115 Jonathan Huberdeau
70%
MIN 108 Kirill Kaprizov
69%
OTT 103 Daniel Alfredsson
68%
CGY 115 Johnny Gaudreau
68%
VAN 102 Elias Pettersson
67%
DAL 109 Jason Robertson
67%
COL 105 Mikko Rantanen
63%
2002-03 COL 106 Peter Forsberg
62%
SJS 101 Erik Karlsson
61%
EDM 104 Ryan Nugent-Hopkins
61%
OTT 103 Dany Heatley
57%
OTT 105 Dany Heatley
57%
TBL 108 Vincent Lecavalier
56%
CAR 100 Eric Staal
51%
VAN 104 Markus Naslund
43%
ATL 100 Marian Hossa
37%
No matching quizzes found
Score Distribution
Percent of People with Each Score
Percentile by Number Answered
Your Score History
You have not taken this quiz since the last reset